000 00803nam a2200265 i 4500
001 67621
003 ES-MaACL
005 20250804062612.0
007 t|
008 031003s2003 sp |||| | spa d
020 _a84-376-2074-0
080 _a821.134.2-31"18"
100 1 _aPérez Galdós, Benito,
_d1843-1920
_990871
245 1 3 _aLa familia de León Roch /
_cBenito Pérez Galdós ; edición de Iñigo Sánchez Llama.
250 _a1ª ed.
260 _aMadrid :
_bCátedra,
_c2003.
300 _a663 p. ;
_c18 cm.
490 1 _aLetras hispánicas ;
_v546
504 _aBibliografía: p. 119-127.
700 1 _aSánchez Llama, Iñigo.
_9102725
830 0 0 _aLetras hispánicas ;
_v546
_9235703
852 _aES-MaACL
_jL-27931
942 _2udc
999 _c67621
_d67621